International Business (Record no. 2559)
| 000 -LEADER | |
|---|---|
| fixed length control field | 00609nam a22002177a 4500 |
| 003 - CONTROL NUMBER IDENTIFIER | |
| control field | OSt |
| 005 - DATE AND TIME OF LATEST TRANSACTION | |
| control field | 20160729160644.0 |
| 008 - FIXED-LENGTH DATA ELEMENTS--GENERAL INFORMATION | |
| fixed length control field | 160729b xxu||||| |||| 00| 0 eng d |
| 020 ## - INTERNATIONAL STANDARD BOOK NUMBER | |
| International Standard Book Number | 9780415817134 |
| 050 ## - LIBRARY OF CONGRESS CALL NUMBER | |
| Classification number | HF62.4. S546 2015 |
| 100 ## - MAIN ENTRY--PERSONAL NAME | |
| Personal name | Shenkar,Oded |
| 245 ## - TITLE STATEMENT | |
| Title | International Business |
| Statement of responsibility, etc | Oded Shenkar, Yadong Luo & Tailan Chi |
| 250 ## - EDITION STATEMENT | |
| Edition statement | 3rd ed. |
| 260 ## - PUBLICATION, DISTRIBUTION, ETC. (IMPRINT) | |
| Place of publication, distribution, etc | New York |
| Name of publisher, distributor, etc | Routledge |
| Date of publication, distribution, etc | c2015 |
| 300 ## - PHYSICAL DESCRIPTION | |
| Extent | xviii, 678p. |
| Other physical details | col. ill |
| 504 ## - BIBLIOGRAPHY, ETC. NOTE | |
| Bibliography, etc | Includes bibliographical references and index |
| 650 ## - SUBJECT ADDED ENTRY--TOPICAL TERM | |
| Topical term or geographic name as entry element | International Business |
| 700 ## - ADDED ENTRY--PERSONAL NAME | |
| Personal name | Luo, Yadong |
| 700 ## - ADDED ENTRY--PERSONAL NAME | |
| Personal name | Chi, Tailan |
| 942 ## - ADDED ENTRY ELEMENTS (KOHA) | |
| Source of classification or shelving scheme | |
| Koha item type | Book |
| Withdrawn status | Lost status | Source of classification or shelving scheme | Damaged status | Not for loan | Home library | Current library | Shelving location | Date acquired | Total Checkouts | Full call number | Barcode | Date last seen | Copy number | Price effective from | Koha item type |
|---|---|---|---|---|---|---|---|---|---|---|---|---|---|---|---|
| Riara University Library | Riara University Library | General stack | 29/07/2016 | HF62.4. S546 2015 | 7087/16 | 29/07/2016 | C.1 | 29/07/2016 | Book |
